000
00206 a2200097 4500
001
47607
100
_a
Stokes D
245
_a
Men behind victory
260
_a
London
_b
Hutchinson
_c
090
_c
30620
_d
30620
942
_a
NUST-CAE
_c
M
_c
22915
999
_c
282680
_d
282680